Normal view
MARC view
- Factory and trade waste
Entry Topical Term
001 - CONTROL NUMBER
- control field: 6412
003 - CONTROL NUMBER IDENTIFIER
- control field: NUST
005 - DATE AND TIME OF LATEST TRANSACTION
- control field: 20171115155526.0
008 - FIXED-LENGTH DATA ELEMENTS
- fixed length control field: 171115|| aca||aabn | a|a d
040 ## - CATALOGING SOURCE
- Original cataloging agency: NUST
- Transcribing agency: NUST
150 ## - HEADING--TOPICAL TERM
- Topical term or geographic name entry element: Factory and trade waste
- General subdivision: Handbooks, manuals, etc.
670 ## - SOURCE DATA FOUND
- Source citation: Work cat.: (NUST)0: Stephenson, Ralph L., 1939- 6411, The industrial wastewater systems handbook /, c1998.
